Gaining ground: in pursuit of ecological sustainability (Record no. 75805)

MARC details
000 -LEADER
fixed length control field 00914nam a2200205 a 4500
008 - FIXED-LENGTH DATA ELEMENTS--GENERAL INFORMATION
fixed length control field 090108s2006 ||||||||||||||||| || u
020 ## - INTERNATIONAL STANDARD BOOK NUMBER
International Standard Book Number 0969817177
050 ## - LIBRARY OF CONGRESS CALL NUMBER
Classification number QL 82 Gai
100 ## - MAIN ENTRY--PERSONAL NAME
Personal name Lavigne, David M
245 10 - TITLE STATEMENT
Title Gaining ground: in pursuit of ecological sustainability
Statement of responsibility, etc. edited by David M. Lavigne
260 ## - PUBLICATION, DISTRIBUTION, ETC.
Place of publication, distribution, etc. London
Name of publisher, distributor, etc. International Fund for Animal Welfare (IFAW)
Date of publication, distribution, etc. 2006
300 ## - PHYSICAL DESCRIPTION
Extent xiv, 425p.: ill.
350 ## -
-- 0.00
650 ## - SUBJECT ADDED ENTRY--TOPICAL TERM
Topical term or geographic name entry element CONSERVATION
650 ## - SUBJECT ADDED ENTRY--TOPICAL TERM
Topical term or geographic name entry element ECOLOGY
650 ## - SUBJECT ADDED ENTRY--TOPICAL TERM
Topical term or geographic name entry element SUSTAINABLE DEVELOPMENT--ARAB REGION
650 ## - SUBJECT ADDED ENTRY--TOPICAL TERM
Topical term or geographic name entry element WILDLIFE CONSERVATION
995 ## -
-- MAIN LIBRARY OPEN ACCESS
-- 0.00
-- 739610
-- CBU-MAIN LIBRARY (Kitwe)
-- 1
-- 0.00
-- QL 82 GAI
-- 1
-- AVAILABLE
-- Feb 12, 2009
-- 739610
-- Main Library Open Access Collection
995 ## -
-- ANNEX COLLECTION (Main Library)
-- 0.00
-- 739493
-- CBU-MAIN LIBRARY (Kitwe)
-- 1
-- 0.00
-- QL 82 GAI
-- 2
-- AVAILABLE
-- Feb 12, 2009
-- 739493
-- Annex Low-Usage Collection
999 ## -
-- 75805
-- 75805
Holdings
Withdrawn status Lost status Source of classification or shelving scheme Damaged status Not for loan Permanent Location Current Location Shelving location Date acquired Total Checkouts Full call number Barcode Date last seen Copy number Price effective from Koha item type
          CBU-MAIN LIBRARY, KITWE. CBU-MAIN LIBRARY, KITWE.   04/25/2023   QL 82 Gai 739610 04/25/2023 1 04/25/2023 MONOGRAPH
          CBU-MAIN LIBRARY, KITWE. CBU-MAIN LIBRARY, KITWE.   04/25/2023   QL 82 Gai 739493 04/25/2023 2 04/25/2023 MONOGRAPH